000 00664nam a2200241Ia 4500
003 OSt
005 20220912151545.0
006 a|||||r|||| 00| 0
007 ta
008 220909b |||||||| |||| 00| 0 eng d
024 _a22926
037 _cTextual
040 _aCSL
_beng
_cCSL
041 _aeng
082 _aB36M22, L5
100 _aChazarain J Ed.
245 0 _aFourier integral operators and partial differential equations
260 _aBerlin
_bSpringer-Verlag
_c1975
300 _a372p.
_ccm.
490 _aLecture notes in mathematics; 159
942 _hB36M22, L5
_cTEXL
_2CC
999 _c71262
_d71262